| 000 | 00865nam a22002177a 4500 | ||
|---|---|---|---|
| 005 | 2010080505295.0 | ||
| 010 | _aENG-98198 | ||
| 020 |
_a9788185867878 _c100.00 |
||
| 035 | _aEN-81731 | ||
| 037 | _bDBAD/PUB | ||
| 082 | _a553.7 | ||
| 245 |
_aDrinking water and food security in hard rock areas of India : _bgolden jublee volume / _cedited by Subhajyoti Das |
||
| 260 |
_aBanglore _bGeological Society of India _c2008 |
||
| 270 |
_aNo. 117/19, Cauverynagar Main Road BSK III Stage _bBangalore- _e560085 |
||
| 300 |
_axxiii, 263 p. : _b28cm (pbk) _cill |
||
| 650 |
_aWater _99324 |
||
| 650 |
_aWater management _99325 |
||
| 700 |
_aDas, Subhajyoti _96809 |
||
| 942 |
_2ddc _cEN _h553.7 _mGOL |
||
| 999 |
_c39425 _d39425 |
||